000
00257nam a22001097a 4500
082
_a
823.912 CHR
100
_a
Agatha Christie
245
_a
The mousetrap & selected plays
260
_a
London
_b
Harper Collins Publishers
_c
1954
300
_a
366p.
942
_c
BK
999
_c
13385
_d
13385